Statistics for Premier League Clubs by Points Per Season

Click here to take the quiz!

General Stats

  • This quiz has been taken 37 times
  • The average score is 17 of 49

Answer Stats

Pos S Pts Pts/S Club % Correct
1282,23479.79Manchester United
100%
3281,99771.31Chelsea
100%
4281,94869.57Liverpool
100%
2282,01171.82Arsenal
100%
6281,65459.07Tottenham Hotspur
97%
5231,45063.04Manchester City
93%
9281,47652.71Everton
67%
10251,31652.64Newcastle United
60%
11251,25850.32Aston Villa
57%
71269257.67Leeds United
53%
81897053.89Blackburn Rovers
53%
16241,13747.38West Ham United
37%
172198046.67Southampton
37%
4925326.5Huddersfield Town
33%
138†39148.88Wimbledon†
33%
4813030Swindon Town
30%
39211739Brighton & Hove Albion
30%
33625242.00Wolverhampton Wanderers
30%
301147142.82Crystal Palace
30%
151466947.79Leicester City
27%
281461243.71Fulham
27%
43726237.43Watford
27%
4626432Cardiff City
23%
411246438.67West Bromwich Albion
23%
38727439.14Derby County
23%
32521142.20Bournemouth
23%
27730844Queen's Park Rangers
20%
421661838.63Sunderland
20%
18418646.50Sheffield United
20%
12839249Sheffield Wednesday
20%
31938042.22Norwich City
20%
14523947.8Nottingham Forest
20%
4726231Bradford City
20%
191045745.7Stoke City
20%
35625141.82Burnley
20%
45517134.2Hull City
20%
4413535Barnsley
20%
261566144.07Middlesbrough
20%
23731244.57Swansea City
17%
22522444.8Ipswich Town
17%
36833141.38Wigan Athletic
17%
29730143Birmingham City
17%
251357544.23Bolton Wanderers
17%
21836145.13Charlton Athletic
13%
37311939.67Reading
13%
34729341.86Portsmouth
13%
2428944.5Oldham Athletic
13%
20940945.44Coventry City
10%
4013939Blackpool
7%

Score Distribution

Percentile by Number Answered

Percent of People with Each Score

Your Score History

You have not taken this quiz